[Event "Dortmund Sparkassen op-B"]
[Site "Dortmund"]
[Date "2010.07.22"]
[Round "6"]
[White "Wastian, Jan"]
[Black "Schumacher, Timo"]
[Result "1-0"]
[WhiteElo "1610"]
[BlackElo "1285"]
[PlyCount "43"]
[EventDate "2010.07.17"]
[EventType "swiss"]
[EventRounds "9"]
[EventCountry "GER"]
[SourceTitle "EXT 2014"]
[Source "ChessBase"]
[SourceDate "2013.11.20"]
[SourceVersion "1"]
[SourceVersionDate "2013.11.20"]
[SourceQuality "1"]

1. e4 d5 2. exd5 Qxd5 3. Nc3 Qa5 4. d4 c6 5. Nf3 Nf6 6. Bd2 Bf5 7. Ne4 Qc7 8. Nxf6+ gxf6 9. Bc4 e6 10. Nh4 Bg6 11. Nxg6 fxg6 12. Qe2 e5 13. 0-0-0 Nd7 14. dxe5 Nxe5 15. f4 Bd6 16. fxe5 Bxe5 17. Bf4 Kf8 18. Bxe5 Qxe5 19. Qxe5 fxe5 20. Rd7 b5 21. Be6 Re8 22. Rf1# 1-0

[Event "Duesseldorf Nord Cup 9th GrN"]
[Site "Duesseldorf"]
[Date "2009.08.16"]
[Round "4"]
[White "Schumacher, Timo"]
[Black "Weinkauf, Viktor"]
[Result "0-1"]
[WhiteElo "1108"]
[BlackElo "1017"]
[PlyCount "92"]
[EventDate "2009.08.14"]
[EventType "tourn"]
[EventRounds "5"]
[EventCountry "GER"]
[SourceTitle "EXT 2020"]
[Source "ChessBase"]
[SourceDate "2019.10.17"]
[SourceVersion "1"]
[SourceVersionDate "2019.10.17"]
[SourceQuality "1"]

1. e4 e6 2. d4 d5 3. e5 c5 4. c3 Nc6 5. Nf3 Qb6 6. Be2 Nge7 7. b3 cxd4 8. cxd4 Nf5 9. Be3 Bb4+ 10. Nbd2 Ncxd4 11. Nxd4 Nxd4 12. a3 Bxd2+ 13. Qxd2 Nxb3 14. Qb2 Qa5+ 15. Bd2 Qxd2+ 16. Qxd2 Nxd2 17. Kxd2 Bd7 18. Rab1 Bc6 19. Rhc1 Kd7 20. a4 Rab8 21. Rb4 Rhc8 22. Rg4 g6 23. Rh4 h5 24. Rf4 Ke7 25. f3 Bd7 26. Rb1 Rc5 27. Ba6 b6 28. Bd3 Ra5 29. Bc2 Rc8 30. Bb3 b5 31. axb5 Rxb5 32. g4 hxg4 33. fxg4 Rcb8 34. Rf3 Rb4 35. Rg3 a5 36. Kc1 Rc8+ 37. Bc2 Rbc4 38. Rb2 Ba4 39. Rg2 Rxc2+ 40. Rgxc2 Rxc2+ 41. Rxc2 Bxc2 42. Kxc2 g5 43. Kb3 f6 44. exf6+ Kxf6 45. Ka4 d4 46. Kb3 Ke5 0-1

[Event "Rheinhausen-ch 12th"]
[Site "Duisburg Rheinhausen"]
[Date "2008.02.29"]
[Round "6"]
[White "Kerkhoff, Johannes"]
[Black "Schumacher, Timo"]
[Result "1/2-1/2"]
[WhiteElo "1519"]
[BlackElo "1136"]
[PlyCount "55"]
[EventDate "2008.01.11"]
[EventType "swiss"]
[EventRounds "7"]
[EventCountry "GER"]
[SourceTitle "EXT 2018"]
[Source "ChessBase"]
[SourceDate "2017.10.13"]
[SourceVersion "1"]
[SourceVersionDate "2017.10.13"]
[SourceQuality "1"]

1. e4 g6 2. d4 Bg7 3. Nf3 d6 4. h3 Nf6 5. Nc3 0-0 6. Bd3 c5 7. Ne2 Qc7 8. c3 c4 9. Bc2 e5 10. d5 Nbd7 11. Ng3 b5 12. a3 a5 13. Bd2 Nc5 14. Be3 a4 15. 0-0 Bd7 16. Rb1 Rac8 17. Nh2 Qa5 18. f4 Rfe8 19. f5 Qa7 20. Rf3 Rf8 21. Qf1 Qc7 22. fxg6 fxg6 23. Qe2 Rf7 24. Rbf1 Rcf8 25. R3f2 Nb7 26. Nf3 h6 27. Qd2 Kh7 28. Nh2 1/2-1/2